000 00957nam a2200277Ia 4500
003 OSt
005 20221005104514.0
006 a|||||r|||| 00| 0
007 ta
008 221004b |||||||| |||| 00| 0 san d
024 _a31706
037 _cTextual
040 _aCRL
_cCRL
_bsan
041 _2san
_asan
082 _aP15,Cx1,1,6, K6
100 _aदीक्षित, भट्टोजी
245 0 _aवैयाकरणसिद्धान्तकौमुदी
246 _aVaiyākaraṇasiddhāntakaumudī
250 _aप्रथम संस्करण
260 _aदिल्ली
_bमोतीलाल बनारसीदास भारत
_c1966
300 _a858
_ccm.
490 _vद्वितीयांश
650 _aहिन्दी भाषा
942 _hP15,Cx1,1,6, K6
_cTEXL
_2cc
999 _c1012896
_d1012896